Açöes afirmativas: cotas universitárias, um afronte ao princípio da igualdade? (Record no. 228685)
[ view plain ]
| 000 -CABECERA | |
|---|---|
| Campo de control de longitud fija | 00503naa a22001217u 4500 |
| 008 - CÓDIGOS DE INFORMACIÓN DE LONGITUD FIJA | |
| Campo de control de longitud fija | 130517b2006 xxu||||| |||| 00| 0 por d |
| 040 ## - FUENTE DE LA CATALOGACIÓN | |
| Centro catalogador del origen | POR |
| 100 1# - PUNTO DE ACCESO PRINCIPAL-NOMBRE DE PERSONA | |
| Nombre de persona | Moraes Salla, Danielle de |
| 9 (RLIN) | 13208 |
| 245 00 - MENCIÓN DE TÍTULO | |
| Título | Açöes afirmativas: cotas universitárias, um afronte ao princípio da igualdade? |
| 300 ## - DESCRIPCIÓN FÍSICA | |
| Extensión | 207-230 |
| Dimensiones | 21 cm. |
| 773 0# - ENLACE AL DOCUMENTO FUENTE | |
| Título | Direito & Educaçäo:A questäo da Educaçäo com enfoque jurídico |
| Encabezamiento principal | ORCZEVSKI, Clovis |
| Lugar, editor y fecha de publicación | Porto Alegre,CIP-Brasil,2006, |
| Parte(s) relacionada(s) | págs. 207-230 |
| Número Internacional Normalizado para Libros (ISBN) | 85-905853-1-X, |
| Número de control del registro relacionado | 76621 |
| 942 ## - ENTRADA DE ELEMENTOS AGREGADOS (KOHA) | |
| Koha [por defecto] tipo de item | Artículo de colaboración |
| Suprimido | Perdido | Estropeado | No para préstamo | Localización permanente | Localización actual | Localización en estantería | Fecha adquisición | Préstamos totales | Signatura completa | Fecha última consulta | Fecha del precio de reemplazo | Tipo de item de Koha |
|---|---|---|---|---|---|---|---|---|---|---|---|---|
| San Esteban | San Esteban | Depósito de libros | 21/05/2013 | 347 EDUC dir | 21/05/2013 | 21/05/2013 | Artículo de colaboración |
